La antigua y la nueva fe ó Análisis crítico del desarrollo evolutivo de la idea cristiana / (Record no. 165810)

MARC details
000 -LEADER
campo de control de longitud fija 00730nam a22002055i 4500
001 - NÚMERO DE CONTROL
campo de control 165810
003 - IDENTIFICADOR DE NÚMERO DE CONTROL
campo de control ES-MaACL
005 - FECHA Y HORA DE LA ÚLTIMA TRANSACCIÓN
campo de control 20230906213217.0
008 - DATOS DE LONGITUD FIJA--INFORMACIÓN GENERAL
campo de control de longitud fija 000124s1893 sp |||| | spa d
040 ## - FUENTE DE CATALOGACIÓN
Centro catalogador/agencia de origen CCPB | B
Lengua de catalogación spa
Centro/agencia transcriptor CCPB | B
100 1# - ENTRADA PRINCIPAL--NOMBRE DE PERSONA
Nombre de persona Strauss, David Friedrich.
9 (RLIN) 108397
245 13 - MENCIÓN DEL TÍTULO
Título La antigua y la nueva fe ó Análisis crítico del desarrollo evolutivo de la idea cristiana /
Mención de responsabilidad, etc. Strauss ; traducción del alemán por Augusto Manzano.
250 ## - MENCION DE EDICION
Mención de edición 2ª ed.
260 ## - PUBLICACIÓN, DISTRIBUCIÓN, ETC.
Lugar de publicación, distribución, etc. Madrid :
Nombre del editor, distribuidor, etc. [s.n.],
Fecha de publicación, distribución, etc. 1893 (
Fabricante J. Góngora y Álvarez)
300 ## - DESCRIPCIÓN FÍSICA
Extensión 351 p. ;
Dimensiones 18 cm.
650 #4 - PUNTO DE ACCESO ADICIONAL DE MATERIA--TÉRMINO DE MATERIA
Término de materia o nombre geográfico como elemento de entrada Cristianismo-
Subdivisión general Historia.
9 (RLIN) 11430
700 1# - ENTRADA AGREGADA--NOMBRE PERSONAL
Nombre de persona Manzano, Augusto.
9 (RLIN) 129431
852 ## - LOCALIZACIÓN
Ubicación ES-MaACL
Número de control de estantería D-1593
Nota libre -- Enc. tela
Holdings
Estatus retirado Estado de pérdida Estado de daño No para préstamo Colección Biblioteca de origen Biblioteca actual Ubicación en estantería Fecha de adquisición Fuente de adquisición Total de préstamos Signatura topográfica completa Código de barras Visto por última vez Precio de reemplazo Tipo de ítem Koha
        Libros del s. XIX Biblioteca del Ateneo de Madrid Biblioteca del Ateneo de Madrid Sala Valle Inclán 17/01/2008     D-1593 901173888 23/02/2023 23/02/2023 Libro impreso antiguo